000 00340nam a2200145Ia 4500
008 230917s9999||||xx |||||||||||||| ||und||
040 _e55918
_aMAIN
041 _aEnglish
082 _a824.3 B131B
100 _aBacon, Francis
245 0 _aBacon's essays
260 _aBombay
_bMacmillan
_c1976
300 _axxix, 300 p.
942 _cBK
999 _c187611
_d187611